Philosophical and sociological foundations of education / (Record no. 1196)
| 000 -LEADER | |
|---|---|
| fixed length control field | 00577nam a22001577a 4500 |
| 003 - CONTROL NUMBER IDENTIFIER | |
| control field | OSt |
| 005 - DATE AND TIME OF LATEST TRANSACTION | |
| control field | 20140116120848.0 |
| 008 - FIXED-LENGTH DATA ELEMENTS--GENERAL INFORMATION | |
| fixed length control field | 130801b xxu||||| |||| 00| 0 eng d |
| 020 ## - INTERNATIONAL STANDARD BOOK NUMBER | |
| International Standard Book Number | 9788184884845 |
| 245 ## - TITLE STATEMENT | |
| Title | Philosophical and sociological foundations of education / |
| Statement of responsibility, etc | M.S. Talawar and T. Pradeep Kumar |
| 300 ## - PHYSICAL DESCRIPTION | |
| Other physical details | No physical copies |
| 504 ## - BIBLIOGRAPHY, ETC. NOTE | |
| Bibliography, etc | Includes bibliographic references |
| 700 ## - ADDED ENTRY--PERSONAL NAME | |
| Personal name | Kumar, T. Pradeep |
| 856 ## - ELECTRONIC LOCATION AND ACCESS | |
| Uniform Resource Identifier | <a href="http://site.ebrary.com/lib/riara/docDetail.action?docID=10416091&p00=educational+philosophy">http://site.ebrary.com/lib/riara/docDetail.action?docID=10416091&p00=educational+philosophy</a> |
| Link text | Click here to access e-book |
| 942 ## - ADDED ENTRY ELEMENTS (KOHA) | |
| Source of classification or shelving scheme | |
| Koha item type | Electronic Book |
| Withdrawn status | Lost status | Source of classification or shelving scheme | Damaged status | Not for loan | Home library | Current library | Date acquired | Total Checkouts | Full call number | Date last seen | Price effective from | Koha item type |
|---|---|---|---|---|---|---|---|---|---|---|---|---|
| Riara University Library | Riara University Library | 01/08/2013 | LB14.7.T35 2010 | 01/08/2013 | 01/08/2013 | Electronic Book |
